Logo BPK

Biblioteka

Politechniki Koszalińskiej

Dintemann und Schindemann : (Rekord nr 50509)

Szczegóły MARC
000 -ETYKIETA REKORDU
podpole kontrolne o stałej długości 00544nam a2200181 i 4500
001 - NUMER KONTROLNY REKORDU
pole kontrolne bgj
040 ## - ŹRÓDŁO KATALOGOWANIA
Instytucja, która utworzyła rekord BPK
041 0# - KOD JĘZYKA
Kod języka tekstu ger
008 - POLE O STAŁEJ DŁUGOŚCI - DANE KONTROLNE
podpole kontrolne o stałej długości s gw f |000 0 ger
100 1# - NAZWA OSOBOWA
Nazwa osobowa Rühmkorf, Peter.
245 10 - TYTUŁ/ODPOWIEDZIALNOŚĆ
Tytuł Dintemann und Schindemann :
Ciąg dalszy tytułu Aufgeklärte Märchen /
Pozostałe elementy strefy tytułu i oznaczenia odpowiedzialności Peter Rühmkorf.
260 ## - STREFA ADRESU WYDAWNICZEGO
Miejsce wydania Leipzig :
Nazwa wydawcy/dystrybutora Verlag Philipp Reclam,
Data publikacji, dystrybucji/powstania dokumentu 1985.
300 ## - STREFA OPISU FIZYCZNEGO
Objętość 198, [1] S. ;
Rozmiary 18 cm.
490 1# - STREFA SERII I DOKUMENTU WIELOCZĘŚCIOWEGO - FORMA NIE DO WYSZUKIWANIA
Tytuł i oznaczenie odpowiedzialności serii Reclams Universal-Bibliothek. Beletristik
650 #9 - HASŁO PRZEDMIOTOWE W FORMIE NAZWY OGÓLNEJ LUB JEDNOSTKOWEJ
Nazwa ogólna lub geograficzna Beletristik
830 #0 - HASŁO DODATKOWE SERII LUB DOKUMENTU WIELOCZĘŚCIOWEGO - TYTUŁ UJEDNOLICONY
Tytuł ujednolicony Reclams Universal-Bibliothek.
Nazwa części/sekcji dzieła Beletristik
856 ## - LOKALIZACJA I DOSTĘP DO ELEKTRONICZNYCH DOKUMENTÓW ZDALNYCH
Link (URL) http://koha.tu.koszalin.pl/cgi-bin/koha/opac-detail.pl?biblionumber=50509
Tekst linku Katalog online BPK
942 ## - DODATKOWE ELEMENTY (KOHA)
Typ dokumentu Książka
Egzemplarze
Wycofany Status egzemplarza Uszkodzony Dostępność Lokalizacja stała Lokalizacja bieżąca Miejsce przechowywania Sygnatura Kod kreskowy Typ dokumentu
      Dostępny Biblioteka Politechniki Koszalińskiej Biblioteka Politechniki Koszalińskiej Wypożyczalnia Językowa N 445 01581935 Książka
© 2023 Biblioteka Politechniki Koszalińskiej :: KOHA